00479nam a22001697a 450000500170000001000140001702000250003103500130005603700130006908200110008210000150009324500790010826000400018727000540022730000250028170000030030620100809111224.0 aENG-98972 c70.00a9789350011614 aEN-82504 bDBAD/PUB a882.08 aM. Eshwari aLove's labour's lost :cby M. Eshwaribis a typical shakespearean comedy / aPerambalurbMercury Printers c2008 aMercury Printers & PublishersbPerambalure621212 a72 p. c21 cm. (Pbk)